Bridging the digital divide innovation systems for ICT in Brazil, China, India, Thailand, and Southern Africa /

Bibliographic Details
Corporate Author: ProQuest (Firm)
Other Authors: Baskaran, Angathevar., Muchie, Mammo.
Format: Electronic eBook
Language:English
Published: London : Adonis & Abbey, 2006.
Edition:1st ed.
Subjects:
Online Access:Click to View
LEADER 01513nam a2200409 a 4500
001 EBC3111179
003 MiAaPQ
005 20200520144314.0
006 m o d |
007 cr cn|||||||||
008 080929s2006 enkad sb 001 0 eng d
010 |z  2008431319 
020 |z 1905068158 (pbk.) 
020 |z 9781905068159 (pbk.) 
020 |z 9781905068807 
035 |a (MiAaPQ)EBC3111179 
035 |a (Au-PeEL)EBL3111179 
035 |a (CaPaEBR)ebr10594062 
035 |a (CaONFJC)MIL203092 
035 |a (OCoLC)883155956 
040 |a MiAaPQ  |c MiAaPQ  |d MiAaPQ 
043 |a d------ 
050 4 |a HC79.I55  |b B7 2006 
082 0 4 |a 303.4833  |2 22 
245 0 0 |a Bridging the digital divide  |h [electronic resource] :  |b innovation systems for ICT in Brazil, China, India, Thailand, and Southern Africa /  |c edited by Angathevar Baskaran and Mammo Muchie. 
250 |a 1st ed. 
260 |a London :  |b Adonis & Abbey,  |c 2006. 
300 |a 253 p. :  |b ill. 
504 |a Includes bibliographical references and index. 
533 |a Electronic reproduction. Ann Arbor, MI : ProQuest, 2015. Available via World Wide Web. Access may be limited to ProQuest affiliated libraries. 
650 0 |a Information technology. 
650 0 |a Information technology  |z Developing countries. 
655 4 |a Electronic books. 
700 1 |a Baskaran, Angathevar. 
700 1 |a Muchie, Mammo. 
710 2 |a ProQuest (Firm) 
856 4 0 |u https://ebookcentral.proquest.com/lib/matrademy/detail.action?docID=3111179  |z Click to View